00913cam a2200181 a 4500020001800000020001500018040001000033082002600043245005000069260007700119300003100196500032400227650002800551650001000579700001500589710007500604856005200679 a9789251063248 a9251063249 cNLGGC a631 FOO 2009 A051 Or.10aInduced plant mutations in the genomics era / aRome :bFood and Agricultural Organization of the United Nations,c2009. a458 p. :bill. (some col.) aPapers presented at the International Symposium on Induced Mutations in Plants, held Aug. 12-15, 2008 at the Vienna International Centre, and organized by the International Atomic Energy Agency and the Food and Agriculture Organization, through the Joint FAO/IAEA Division of Nuclear Techniques in Food and Agriculture. 0aPlant mutation breeding 0aCrops1 aShu, Q. Y.2 aJoint FAO/IAEA Division of Nuclear Techniques in Food and Agriculture.41uhttp://www.fao.org/docrep/012/i0956e/I0956e.pdf